| 000 | 00000nam##2200000za#4500 |
| 001 | 9.616929 |
| 003 | CaOODSP |
| 005 | 20210615101847 |
| 007 | ta |
| 008 | 150406|2004||||xxc||||| f|0| 0 eng|d |
| 022 | |a0706-6473 |
| 040 | |aCaOODSP|beng |
| 043 | |an-cn--- |
| 086 | 1 |aFs97-4/2670E |
| 110 | 1 |aCanada. |bDepartment of Fisheries and Oceans. |
| 245 | 13|aAn examination of recapture rates of Lingcod as a potential source of bias in recreational Catch Per Unit Effort (CPUE) / |cby J.R. King and D.R. Haggarty. |
| 260 | |bFisheries and Oceans Canada |c2004. |
| 300 | |av, 23p. : |bfigs., references, tables ; |c28 cm. |
| 490 | 1 |aCanadian manuscript report of fisheries and aquatic sciences|x0706-6473|v2670 |
| 500 | |a"Fisheries and Oceans Canada, Science Branch, Stock Assessment Division, Nanaimo, British Columbia V9T 6N7".--Cover. |
| 520 | 3 |aThis report is part of a series that contains scientific and technical information that contributes to existing knowledge but deals with national or regional problems. They are distributed to institutions and individuals in the relevant areas of Canada. The subject matter reflects the interests and policies of the Department of Fisheries and Oceans. |
| 546 | |a(Résumés en français.) |
| 563 | |aSoftcover |
| 590 | |a04-26|b2004-06-25 |
| 720 | 1 |aHaggarty, D. |
| 720 | 1 |aKing, J. |
| 776 | 0#|tAn examination of recapture rates of lingcod as a potential source of bias in recreational catch per unit effort (CPUE) / |w(CaOODSP)9.579975 |
| 830 | #0|aCanadian manuscript report of fisheries and aquatic sciences,|x0706-6473|v2670|w(CaOODSP)9.514688 |